000 00636nam a2200217 4500
001 sa 68005114
003 DLC
005 20260227112506.0
008 680310s1966 ii b 00000 eng
010 _asa 68005114
025 _aPL480:I-E-6606
043 _aa-ii---
050 0 _aPK2654
_b.U6
100 1 0 _aUppal, Swinder Singh,
_d1924-
245 1 0 _aPanjabi short story;
_bits origin and development.
260 0 _aNew Delhi,
_bPushp Prakashan
_c[1966]
300 _a340 p.
_c21 cm.
502 _aThesis--University of Delhi.
504 _aBibliography: p. [326]-334.
650 0 _aShort stories, Panjabi
_xHistory and criticism.
999 _c80529
_d80529